Cyclisme : Top 20 des Championnats du monde 2025 - Statistiques

Statistiques générales
  • Ce quiz a été pris 192 fois
  • Le résultat moyen est 11 sur 20
Statistiques - réponses
Position Pays Représenté Coureur % Correct
1er Slovénie Tadej Pogacar
100%
2eme Belgique Remco Evenepoel
99%
3eme Irlande Ben Healy
98%
7eme Mexique Isaac Del Toro
90%
13eme France Paul Seixas
90%
11eme Slovénie Primoz Roglic
82%
8eme Espagne Juan Ayuso
80%
4eme Danemark Mattias Skjelmose
74%
10eme Royaume Uni Thomas Pidcock
62%
15eme France Pavel Sivakov
60%
5eme Lettonie Tom Skujins
56%
6eme Italie Giulio Ciccone
54%
18eme Suisse Marc Hirschi
36%
16eme Australie Jai Hindley
30%
9eme Portugal Afonso Eulalio
20%
14eme Colombie Harold Tejada
16%
19eme Australie Michael Storer
14%
12eme Danemark Mikkel Honoré
8%
17eme Italie Andrea Bagioli
5%
20eme Espagne Carlos Canal
4%
Aucun quiz correspondant
Distribution des résultats
% des personnes avec chaque résultat
Percentile par nombre de réponses
Votre historique - résultats
Vous n’avez pas pris ce quiz